[Event "ICS rated blitz match"]
[Site "204.178.125.65"]
[Date "2001.01.11"]
[Round "?"]
[White "motorhome"]
[Black "Hossa"]
[Result "1/2-1/2"]
[WhiteElo "2107"]
[BlackElo "2549"]
[PlyCount "168"]
[EventDate "2001.??.??"]

1. d4 e6 2. c4 Bb4+ 3. Bd2 a5 4. Nf3 d6 5. g3 Nd7 6. Bg2 Ngf6 7. O-O Bxd2 8.
Qxd2 Nb6 9. b3 a4 10. Nc3 axb3 11. axb3 Rxa1 12. Rxa1 O-O 13. e4 c5 14. e5 cxd4
15. Qxd4 dxe5 16. Qxe5 Nbd7 17. Qd6 Ng4 18. Ra8 Nb6 19. Qxd8 Rxd8 20. Ra1 Rd3
21. Rc1 Kf8 22. h3 Nf6 23. Ne5 Rd2 24. c5 Nbd5 25. Nxd5 exd5 26. b4 Re2 27. f4
Rb2 28. Nd3 Rb3 29. Bf1 Bxh3 30. Bxh3 Rxd3 31. b5 Rxg3+ 32. Kh2 Nh5 33. c6 bxc6
34. bxc6 Rxh3+ 35. Kxh3 Nxf4+ 36. Kg4 Ne6 37. c7 Nxc7 38. Rxc7 h6 39. Kf5 d4
40. Ke4 g6 41. Kxd4 Kg7 42. Ke5 h5 43. Kf4 Kf6 44. Rc6+ Kg7 45. Rd6 f6 46. Rd7+
Kg8 47. Ke4 h4 48. Kf4 Kf8 49. Kg4 h3 50. Kxh3 Kg8 51. Kg4 Kf8 52. Kf4 Ke8 53.
Ra7 Kf8 54. Ke4 Kg8 55. Kd5 Kf8 56. Ke6 f5 57. Kf6 Ke8 58. Kxg6 f4 59. Kf5 f3
60. Ke6 Kd8 61. Rf7 Kc8 62. Rxf3 Kc7 63. Rd3 Kb6 64. Kd6 Kb5 65. Rc3 Kb4 66.
Rc8 Kb5 67. Kd5 Kb4 68. Rc5 Kb3 69. Kd4 Kb4 70. Rc8 Kb5 71. Rc1 Kb6 72. Kd5 Kb5
73. Rb1+ Ka4 74. Kc4 Ka5 75. Rb8 Ka6 76. Kc5 Ka7 77. Rb2 Ka6 78. Kc6 Ka5 79.
Rb6 Ka4 80. Kc5 Ka3 81. Rb5 Ka4 82. Kc4 Ka3 83. Rb4 Ka2 84. Kc3 Ka3 {
motorhome ran out of time and Hossa has no material to mate} 1/2-1/2

[Event "ICS rated blitz match"]
[Site "204.178.125.65"]
[Date "2001.01.11"]
[Round "?"]
[White "square7"]
[Black "Hossa"]
[Result "0-1"]
[WhiteElo "1937"]
[BlackElo "2535"]
[PlyCount "46"]
[EventDate "2001.??.??"]

1. e4 d6 2. d4 Nf6 3. f3 g6 4. Be3 Bg7 5. Qd2 O-O 6. Nc3 e5 7. d5 Nfd7 8. O-O-O
f5 9. g3 fxe4 10. fxe4 a5 11. Bh3 Nf6 12. Bxc8 Qxc8 13. Bh6 Bxh6 14. Qxh6 Ng4
15. Qd2 Nf2 16. Nge2 Nxh1 17. Rxh1 Qh3 18. Nd1 Qg2 19. Re1 Qxh2 20. Ne3 Nd7 21.
Qd1 Nf6 22. Rh1 Qf2 23. Rf1 Qxe3+ {square7 resigns} 0-1

[Event "ICS rated blitz match"]
[Site "204.178.125.65"]
[Date "2001.01.11"]
[Round "?"]
[White "Hossa"]
[Black "TitoTheCat"]
[Result "1-0"]
[WhiteElo "2536"]
[BlackElo "1940"]
[PlyCount "65"]
[EventDate "2001.??.??"]

1. d4 c6 2. c4 d5 3. Nf3 Nf6 4. cxd5 cxd5 5. Nc3 Bg4 6. Ne5 Bf5 7. Qb3 Qc7 8.
Nxd5 Nxd5 9. Qxd5 e6 10. Qb3 Bd6 11. Nc4 Be7 12. g3 Nc6 13. Bf4 Qd7 14. Bg2
Nxd4 15. Qxb7 Qxb7 16. Bxb7 Nc2+ 17. Kf1 Nxa1 18. Bxa8 O-O 19. Bf3 Bh3+ 20. Bg2
Bf5 21. e4 Bg6 22. h4 Rc8 23. Ne5 Bf6 24. Nxg6 hxg6 25. e5 Be7 26. Ke2 Nc2 27.
Rd1 Nb4 28. Rd7 Kf8 29. Rxa7 Rc2+ 30. Bd2 Rxb2 31. Ra8+ Bd8 32. Rxd8+ Ke7 33.
Rb8 {TitoTheCat resigns} 1-0

[Event "ICS rated blitz match"]
[Site "204.178.125.65"]
[Date "2001.01.11"]
[Round "?"]
[White "Hossa"]
[Black "dbz2001"]
[Result "1-0"]
[WhiteElo "2537"]
[BlackElo "2283"]
[PlyCount "61"]
[EventDate "2001.??.??"]

1. d4 e6 2. Nf3 f5 3. Bg5 Be7 4. Bf4 Nf6 5. e3 O-O 6. Bb5 c6 7. Bd3 d5 8. Nbd2
h6 9. Ne5 g5 10. Bg3 Kg7 11. h4 Nbd7 12. hxg5 hxg5 13. Qe2 Rh8 14. O-O-O Qf8
15. Nef3 Ng4 16. Nh2 Nxh2 17. Bxh2 Nf6 18. Be5 Bd7 19. g4 Kf7 20. gxf5 exf5 21.
Qf3 g4 22. Rxh8 Qxh8 23. Qg3 Qh3 24. Qf4 Qh5 25. Bxf6 Kxf6 26. Qc7 Be6 27. Qxb7
Rh8 28. Qxc6 Qh2 29. Rf1 Qg2 30. e4 fxe4 31. Bxe4 {dbz2001 resigns} 1-0

[Event "ICS rated blitz match"]
[Site "204.178.125.65"]
[Date "2001.01.11"]
[Round "?"]
[White "dbz2001"]
[Black "Hossa"]
[Result "0-1"]
[WhiteElo "2277"]
[BlackElo "2543"]
[PlyCount "52"]
[EventDate "2001.??.??"]

1. e4 d6 2. d4 Nf6 3. Nc3 Bg4 4. f3 Bd7 5. g4 e5 6. Nge2 Be7 7. h4 Nxg4 8. fxg4
Bxh4+ 9. Kd2 Qg5+ 10. Kd3 Qxg4 11. Be3 exd4 12. Nxd4 Qxd1+ 13. Rxd1 Bd8 14. Bh3
Bxh3 15. Rxh3 Nd7 16. Rg1 Ne5+ 17. Ke2 g6 18. b3 c6 19. Nf3 h5 20. Nxe5 dxe5
21. Bc5 g5 22. Rd1 g4 23. Rhd3 b6 24. Bf2 h4 25. Rd7 g3 26. Bg1 h3 {
dbz2001 resigns} 0-1

[Event "ICS rated blitz match"]
[Site "204.178.125.65"]
[Date "2001.01.11"]
[Round "?"]
[White "Hossa"]
[Black "dbz2001"]
[Result "0-1"]
[WhiteElo "2549"]
[BlackElo "2271"]
[PlyCount "70"]
[EventDate "2001.??.??"]

1. d4 Nf6 2. Bg5 g6 3. Nd2 Bg7 4. e4 d6 5. Bd3 O-O 6. Ne2 Nc6 7. O-O e5 8. d5
Ne7 9. f4 exf4 10. Bxf4 Ng4 11. h3 Ne5 12. Nc3 h6 13. Nb3 g5 14. Bxe5 Bxe5 15.
Qh5 Kg7 16. Nd1 f5 17. Nc3 f4 18. Qf3 Ng8 19. Bb5 Nf6 20. Rae1 h5 21. Qf2 g4
22. Qh4 Kg6 23. hxg4 hxg4 24. Ne2 Rh8 25. Qf2 Nh5 26. Rb1 Qg5 27. Nbd4 g3 28.
Qe1 Bg4 29. Nf5 Raf8 30. Qa5 Rxf5 31. exf5+ Bxf5 32. Qxc7 Nf6 33. Qxb7 Rh1+ 34.
Kxh1 Qh4+ 35. Kg1 Qh2# {Hossa checkmated} 0-1

[Event "ICS rated blitz match"]
[Site "204.178.125.65"]
[Date "2001.01.11"]
[Round "?"]
[White "monsoon"]
[Black "Hossa"]
[Result "0-1"]
[WhiteElo "2450"]
[BlackElo "2522"]
[PlyCount "92"]
[EventDate "2001.??.??"]

1. d4 Nf6 2. Bg5 g6 3. Bxf6 exf6 4. e3 Bh6 5. Nc3 d5 6. Qf3 c6 7. e4 Qe7 8. Bd3
O-O 9. Nge2 dxe4 10. Qxe4 Qd8 11. O-O Re8 12. Qh4 Bg5 13. Qg3 f5 14. Rae1 Bf6
15. Bc4 Nd7 16. Kh1 b5 17. Bd3 Nb6 18. Qf4 Be6 19. Kg1 b4 20. Nb1 Bxa2 21. b3
Bxb1 22. Rxb1 Nd5 23. Qf3 Qb6 24. Rbd1 Bxd4 25. Nxd4 Qxd4 26. Bxf5 Qc3 27. Be4
Re5 28. Qxc3 Nxc3 29. Bxc6 Rc8 30. Rd6 Re2 31. Rc1 Na2 32. Rcd1 Rxc2 33. Be4
Rb2 34. Bd5 Nc3 35. Ra1 Nxd5 36. Rxd5 Rcc2 37. Rd8+ Kg7 38. Rd3 Rxf2 39. Rg3
Rfc2 40. Rf1 Rc3 41. Rgf3 Kh6 42. Rxf7 Rcc2 43. R7f2 Rxf2 44. Rxf2 Rxb3 45. Ra2
Ra3 46. Rb2 b3 {monsoon resigns} 0-1

[Event "ICS rated standard match"]
[Site "204.178.125.65"]
[Date "2001.01.11"]
[Round "?"]
[White "Hossa"]
[Black "bawon"]
[Result "1-0"]
[WhiteElo "2339"]
[BlackElo "2160"]
[PlyCount "61"]
[EventDate "2001.??.??"]

1. e4 c5 2. Bc4 e6 3. Nc3 a6 4. Nf3 b5 5. Be2 Bb7 6. d3 Nc6 7. O-O Nf6 8. a3
Qc7 9. Bg5 Be7 10. d4 Ng4 11. g3 Bxg5 12. Nxg5 cxd4 13. Nxb5 axb5 14. Bxg4 O-O
15. f4 f6 16. Bxe6+ dxe6 17. Nxe6 Qb6 18. Nxf8 Rxf8 19. Qd3 Kh8 20. Rf2 Re8 21.
Rd1 h6 22. g4 Qc5 23. b4 Qa7 24. g5 fxg5 25. fxg5 hxg5 26. Qxb5 Re5 27. Qe2 g6
28. b5 Ne7 29. Qc4 d3 30. Rxd3 Bxe4 31. Rh3+ {bawon resigns} 1-0

[Event "ICS rated standard match"]
[Site "204.178.125.65"]
[Date "2001.01.11"]
[Round "?"]
[White "bawon"]
[Black "Hossa"]
[Result "0-1"]
[WhiteElo "2152"]
[BlackElo "2347"]
[PlyCount "58"]
[EventDate "2001.??.??"]

1. d4 Nf6 2. Nf3 g6 3. Bg5 Bg7 4. Bxf6 Bxf6 5. e4 c5 6. e5 Bg7 7. d5 d6 8. Bb5+
Nd7 9. Qe2 O-O 10. Bxd7 Bxd7 11. Nc3 Bg4 12. exd6 Bxc3+ 13. bxc3 Qxd6 14. h3
Bxf3 15. Qxf3 e6 16. O-O-O exd5 17. Qxd5 Qf4+ 18. Qd2 Qf6 19. Kb2 b5 20. f4 b4
21. Ka1 Rac8 22. Rhe1 bxc3 23. Qd6 Qf5 24. Rd3 c4 25. Rxc3 Qa5 26. Qa3 Qb6 27.
Rb1 Qd4 28. g3 Rb8 29. Re1 Rb3 {bawon resigns} 0-1

[Event "ICS rated standard match"]
[Site "204.178.125.65"]
[Date "2001.01.11"]
[Round "?"]
[White "regisboni"]
[Black "Hossa"]
[Result "0-1"]
[WhiteElo "1927"]
[BlackElo "2355"]
[PlyCount "142"]
[EventDate "2001.??.??"]

1. e4 d6 2. d4 Nf6 3. Nc3 Bg4 4. Be2 Bxe2 5. Qxe2 c6 6. e5 dxe5 7. dxe5 Nd5 8.
Ne4 Na6 9. Bd2 e6 10. Rd1 Qb6 11. c4 Ndb4 12. Be3 Qa5 13. Nc3 Nxa2 14. Qd2 Bb4
15. Qd7+ Kf8 16. Qxb7 Rb8 17. Qxc6 Bxc3+ 18. bxc3 Kg8 19. Ne2 Nxc3 20. Nxc3
Qxc3+ 21. Ke2 Nb4 22. Qc7 Rf8 23. Rd8 Qc2+ 24. Kf3 Qf5+ 25. Bf4 g5 26. Rxf8+
Kxf8 27. Qd8+ Kg7 28. Qxg5+ Qxg5 29. Bxg5 Rc8 30. Rc1 Na2 31. Rc2 Nb4 32. Rc3
Nd5 33. Rc1 Nb6 34. Bf6+ Kg6 35. c5 Nd7 36. c6 Nxf6 37. exf6 Kxf6 38. c7 Ke5
39. g4 Kd6 40. g5 Rxc7 41. Rd1+ Ke5 42. Rd8 f6 43. gxf6 Kxf6 44. Ra8 Ke5 45.
Ke3 Rc3+ 46. Kd2 Ra3 47. Rh8 Rh3 48. Ra8 Ke4 49. Rxa7 Rxh2 50. Re7 e5 51. Ke2
h5 52. Kf1 Rh4 53. Kg2 Rg4+ 54. Kf1 Rg5 55. Rh7 Kf3 56. Rf7+ Kg4 57. Re7 h4 58.
Kg2 h3+ 59. Kh2 Rh5 60. Kg1 h2+ 61. Kh1 Kf4 62. Rf7+ Ke4 63. Rg7 Rh4 64. Rg2
Kf3 65. Rg5 e4 66. Rf5+ Ke2 67. Rf6 Kf1 68. f4 e3 69. Re6 e2 70. Rxe2 Kxe2 71.
Kg2 h1=Q+ {regisboni resigns} 0-1

[Event "ICS rated blitz match"]
[Site "204.178.125.65"]
[Date "2001.01.11"]
[Round "?"]
[White "PostModernist"]
[Black "Hossa"]
[Result "1-0"]
[WhiteElo "2607"]
[BlackElo "2535"]
[PlyCount "124"]
[EventDate "2001.??.??"]

1. d4 Nf6 2. c4 d6 3. Nf3 g6 4. Nc3 Bg7 5. g3 O-O 6. Bg2 c6 7. O-O Na6 8. e4 c5
9. d5 e5 10. Bg5 h6 11. Be3 Bd7 12. Qe2 Ng4 13. Bd2 Nf6 14. Nb5 Qe7 15. Rfd1
Ng4 16. Bc3 Nf6 17. b3 Ng4 18. h3 Nf6 19. Bb2 Bxb5 20. cxb5 Nc7 21. Nxe5 dxe5
22. d6 Qd7 23. dxc7 Qxc7 24. Qc4 Rfd8 25. b4 Nd7 26. Rac1 Rac8 27. Ba3 b6 28.
Bf3 Bf6 29. Rc3 Be7 30. Bc1 Bf8 31. Be3 Qb8 32. Rdc1 Nf6 33. Kg2 h5 34. bxc5
bxc5 35. Kg1 Qb7 36. a4 h4 37. gxh4 Qb6 38. Rd1 Rxd1+ 39. Bxd1 Qb7 40. Bg4 Rd8
41. f3 Rd1+ 42. Kg2 Qb8 43. Bxc5 Bxc5 44. Qxc5 Qd8 45. Qc8 Rd2+ 46. Kg3 Kg7 47.
Qxd8 Rxd8 48. Rc7 Nxg4 49. Kxg4 Rd1 50. Kg3 a6 51. bxa6 Rd4 52. a5 Rd6 53. a7
Ra6 54. h5 Rxa5 55. hxg6 Kxg6 56. f4 f5 57. fxe5 fxe4 58. e6 Ra3+ 59. Kf4 Ra4
60. e7 Kf7 61. e8=Q+ Kxe8 62. Rc8+ Kf7 {Hossa resigns} 1-0

[Event "ICS rated blitz match"]
[Site "204.178.125.65"]
[Date "2001.01.11"]
[Round "?"]
[White "Hossa"]
[Black "Amateur"]
[Result "0-1"]
[WhiteElo "2522"]
[BlackElo "2593"]
[PlyCount "220"]
[EventDate "2001.??.??"]

1. d4 Nf6 2. c4 e6 3. Nf3 d5 4. g3 Be7 5. Bg2 O-O 6. c5 b6 7. cxb6 Bb4+ 8. Bd2
Bxd2+ 9. Nbxd2 axb6 10. O-O Nc6 11. Qc2 Qd6 12. Rfc1 Bd7 13. Bh3 Ra5 14. a3
Rfa8 15. Qd3 Re8 16. Nb3 Ra7 17. Qc2 Ra4 18. Nbd2 Rea8 19. Qc3 Re8 20. e3 Rc8
21. Ne5 Ne7 22. Qd3 c5 23. Ndf3 c4 24. Qc2 Ne4 25. Nxd7 Qxd7 26. Ne5 Qb5 27.
Rab1 Qa5 28. f3 Nd6 29. Nd7 Ra8 30. Rf1 Qb5 31. Ne5 Nef5 32. Bxf5 Nxf5 33. Qc3
Nh6 34. Ng4 Nxg4 35. fxg4 Qc6 36. Rf2 Rf8 37. Rbf1 b5 38. Qd2 Qd6 39. Qc2 Raa8
40. Qd2 Ra7 41. Rf4 Qe7 42. Qc3 Ra4 43. Qc2 Qg5 44. Qe2 Qd8 45. Qf3 Ra7 46. Qe2
Qd6 47. Qd2 Raa8 48. g5 Qe7 49. Rg4 Ra7 50. Qc3 Rc8 51. Qc2 Rca8 52. Rh4 g6 53.
Rg4 b4 54. axb4 Qxb4 55. Qf2 Rf8 56. Rf4 Rb7 57. Rb1 c3 58. b3 Ra8 59. Rf1 Raa7
60. Rb1 Rc7 61. Qc2 Ra3 62. Rff1 Rc8 63. Qf2 Rf8 64. Qc2 Rb8 65. Qf2 Rb7 66.
Qf6 Rd7 67. Rbc1 Rxb3 68. Ra1 Qb8 69. Rac1 Qf8 70. Rc2 Ra7 71. Rfc1 Raa3 72. g4
Qe8 73. Kh1 Qd7 74. h4 Qd6 75. h5 Qf8 76. h6 Ra4 77. Rf1 Ra7 78. Kg1 Ra6 79.
Rg2 Rb2 80. Rg3 Raa2 81. Rh3 Rg2+ 82. Kh1 Rxg4 83. Rc1 Rag2 84. Rh4 Rg1+ 85.
Rxg1 Rxh4+ 86. Kg2 Rg4+ 87. Kh2 Rxg1 88. Kxg1 c2 89. Kg2 c1=Q 90. Qe5 Qc2+ 91.
Kg3 Qe4 92. Qxe4 dxe4 93. Kf4 Qb8+ 94. Kxe4 Qb5 95. Kf3 Qxg5 96. Ke2 Qxh6 97.
Kd3 g5 98. Ke2 Qh2+ 99. Kd3 Qf2 100. d5 exd5 101. Kd4 Qd2+ 102. Ke5 Qxe3+ 103.
Kxd5 h5 104. Kc4 g4 105. Kd5 g3 106. Kc4 g2 107. Kb5 g1=Q 108. Kc6 Qc5+ 109.
Kb7 Qb1+ 110. Ka6 Qbb5# {Hossa checkmated} 0-1

[Event "ICS rated blitz match"]
[Site "204.178.125.65"]
[Date "2001.01.11"]
[Round "?"]
[White "Amateur"]
[Black "Hossa"]
[Result "1-0"]
[WhiteElo "2606"]
[BlackElo "2509"]
[PlyCount "70"]
[EventDate "2001.??.??"]

1. c4 c5 2. Nf3 Nf6 3. d4 cxd4 4. Nxd4 e5 5. Nb5 d6 6. Bg5 Be6 7. e4 Be7 8.
Bxf6 gxf6 9. N1c3 a6 10. Na3 Nc6 11. Qb3 b5 12. Nd5 Qa5+ 13. Kd1 Bxd5 14. exd5
Nd4 15. Qc3 Qb6 16. Qg3 Bf8 17. Bd3 bxc4 18. Nxc4 Qc5 19. Rc1 Bh6 20. Ne3 Qa5
21. Qh3 Bg5 22. a3 Rd8 23. Rc3 Qb6 24. Kc1 Qb7 25. Kb1 Rb8 26. b4 Nb5 27. Bxb5+
axb5 28. Rc6 Bxe3 29. fxe3 Ra8 30. Qh6 Rxa3 31. Rhc1 Ra8 32. Qg7 Rf8 33. Qxf6
Qd7 34. Rc7 Qd8 35. Qf5 Ra4 {Hossa resigns} 1-0

[Event "ICS rated standard match"]
[Site "204.178.125.65"]
[Date "2001.01.11"]
[Round "?"]
[White "Hossa"]
[Black "ChesterX"]
[Result "1/2-1/2"]
[WhiteElo "2358"]
[BlackElo "2509"]
[PlyCount "175"]
[EventDate "2001.??.??"]

1. d4 d5 2. Bg5 c6 3. Nd2 Nf6 4. e3 Nbd7 5. Bf4 e6 6. c3 Qb6 7. Qc2 c5 8. Be2
Bd6 9. Bxd6 Qxd6 10. Ngf3 O-O 11. O-O e5 12. Nh4 Nb6 13. Nhf3 e4 14. dxc5 Qxc5
15. Nd4 Bg4 16. N2b3 Qd6 17. Rfd1 Nc4 18. Nb5 Qe5 19. Rab1 a6 20. N5d4 Rac8 21.
h3 Bxe2 22. Nxe2 h5 23. Nf4 h4 24. Ne2 b6 25. Nd2 b5 26. a3 Na5 27. Nb3 Nxb3
28. Qxb3 Rc4 29. Qc2 Rfc8 30. Ra1 a5 31. Qd2 R4c5 32. Nd4 a4 33. Rab1 Rb8 34.
Ne2 Rc7 35. Ra1 Rc4 36. Nd4 Kh8 37. Qe2 Qd6 38. Nxb5 Qe5 39. Nd4 Kg8 40. Rd2
Kh8 41. Rad1 Qg5 42. Rf1 Qe5 43. Qd1 Rbc8 44. Nc2 R8c5 45. Nb4 Ra5 46. Qe2 Rac5
47. Rfd1 Qf5 48. Kh1 Kg8 49. Qf1 Qe6 50. Kg1 Kf8 51. Qe2 Kg8 52. Re1 Qd7 53.
Rf1 Qf5 54. Rc1 Kh8 55. Qf1 Qe5 56. Rcd1 Qe6 57. f4 Qf5 58. Qe2 Kg8 59. Qf2 Qh5
60. Qf1 Qf5 61. Kh2 Kh8 62. Kh1 g5 63. Kg1 gxf4 64. Qf2 Qg5 65. exf4 Qh5 66. f5
d4 67. Rxd4 Rxd4 68. Qxd4 Rxf5 69. Re1 Kh7 70. Nd5 Nxd5 71. Rxe4 Qh6 72. Rxh4
Rh5 73. Rxh5 Qxh5 74. Qxa4 Qe5 75. Qc4 f5 76. Qd3 Qe1+ 77. Kh2 Qe5+ 78. g3 Nf6
79. a4 Kg6 80. Qf1 Qe3 81. Qg2 Ne4 82. a5 Ng5 83. Kh1 Qe1+ 84. Kh2 Qe3 85. Kh1
Qe1+ 86. Kh2 Qe3 87. Kh1 Qe1+ 88. Kh2 {Game drawn by repetition} 1/2-1/2

[Event "ICS rated blitz match"]
[Site "204.178.125.65"]
[Date "2001.01.11"]
[Round "?"]
[White "Hossa"]
[Black "BardGaijin"]
[Result "1-0"]
[WhiteElo "2497"]
[BlackElo "2249"]
[PlyCount "123"]
[EventDate "2001.??.??"]

1. d4 Nf6 2. c4 c6 3. Nc3 d5 4. Nf3 Bg4 5. Ne5 Bf5 6. Qb3 Qb6 7. Qxb6 axb6 8.
cxd5 Nxd5 9. Nxd5 cxd5 10. e3 Nc6 11. Bb5 Bd7 12. Nxd7 Kxd7 13. Bd2 e6 14. a3
Bd6 15. Rc1 Rhc8 16. f4 Ke7 17. Kf2 Na5 18. Bc3 Nc4 19. g4 f6 20. h4 Kf7 21. a4
Be7 22. Kf3 Nd6 23. Bd3 h6 24. b3 Rc7 25. Bb4 Rac8 26. Rxc7 Rxc7 27. h5 Ne4 28.
Bxe7 Kxe7 29. Bxe4 dxe4+ 30. Kxe4 Rc3 31. Rb1 Kd6 32. f5 exf5+ 33. gxf5 Rc2 34.
Rg1 Rh2 35. Rxg7 Rxh5 36. Rxb7 Rh4+ 37. Kd3 Kc6 38. Rf7 h5 39. Rxf6+ Kc7 40. e4
Rh3+ 41. Kc4 Re3 42. e5 h4 43. b4 h3 44. Kb5 Re4 45. Rf7+ Kd8 46. Kxb6 Rxd4 47.
Kc5 Rh4 48. Kd6 Rd4+ 49. Ke6 Rxb4 50. Rf8+ Kc7 51. Rh8 Rb6+ 52. Ke7 Rb3 53. f6
Kc6 54. f7 Re3 55. e6 Kc5 56. f8=Q Kd5 57. Qf5+ Kd4 58. Rd8+ Kc3 59. Qc5+ Kb2
60. Qxe3 h2 61. Rd2+ Kc1 62. Qe1# {BardGaijin checkmated} 1-0

[Event "ICS Rated blitz match"]
[Site "204.178.125.65"]
[Date "2001.01.11"]
[Round "?"]
[White "BardGaijin"]
[Black "Hossa"]
[Result "0-1"]
[WhiteElo "2243"]
[BlackElo "2503"]
[PlyCount "112"]
[EventDate "2001.??.??"]

1. e4 c5 2. d4 cxd4 3. c3 dxc3 4. Nxc3 Nc6 5. Bc4 Ne5 6. Bb3 d6 7. f4 Nc6 8.
Nf3 e6 9. Be3 Nf6 10. h3 Be7 11. O-O O-O 12. Qe1 Na5 13. Rd1 Nxb3 14. axb3 Bd7
15. e5 Ne8 16. f5 exf5 17. Nd5 Bb5 18. Rf2 Bc6 19. Nxe7+ Qxe7 20. Bg5 f6 21.
exf6 Qxe1+ 22. Rxe1 Nxf6 23. Bxf6 Rxf6 24. Re7 Kf8 25. Rc7 Rf7 26. Rxf7+ Kxf7
27. Nd4 g6 28. g4 Be4 29. gxf5 gxf5 30. Nxf5 Rg8+ 31. Kf1 Ke6 32. Nd4+ Kd5 33.
Nb5 Bd3+ 34. Ke1 Bxb5 35. Rf7 Kc6 36. Rxh7 Rg2 37. h4 Rxb2 38. h5 Rxb3 39. Kf2
Bd3 40. Rh8 Be4 41. h6 Rh3 42. Ke2 Kd5 43. Kd2 Kd4 44. Ke2 Rh2+ 45. Kf1 Ke3 46.
Rg8 Rxh6 47. Rg3+ Bf3 48. Rg5 Rh1+ 49. Rg1 Rxg1+ 50. Kxg1 d5 51. Kh2 Kf4 52.
Kh3 d4 53. Kh2 d3 54. Kg1 Kg3 55. Kf1 d2 56. Kg1 d1=Q# {BardGaijin checkmated}
0-1

[Event "ICS rated blitz match"]
[Site "204.178.125.65"]
[Date "2001.01.11"]
[Round "?"]
[White "Hossa"]
[Black "yakup35"]
[Result "1-0"]
[WhiteElo "2509"]
[BlackElo "2148"]
[PlyCount "65"]
[EventDate "2001.??.??"]

1. d4 g6 2. e4 Bg7 3. c3 d6 4. f4 Nf6 5. Bd3 O-O 6. Nf3 Nc6 7. O-O Bg4 8. Na3
Nd7 9. d5 Ncb8 10. Be3 e6 11. Qb3 Bxf3 12. Qxb7 Bxg2 13. Kxg2 exd5 14. Qxa8 d4
15. cxd4 c5 16. Nc2 Qc7 17. Qd5 Nb6 18. Qg5 c4 19. Be2 Qb7 20. Bf3 Na4 21. Rab1
Nd7 22. Na3 Qb4 23. Qb5 Qxb5 24. Nxb5 Rb8 25. Nxa7 Nxb2 26. e5 dxe5 27. fxe5
Nd3 28. Rxb8+ Nxb8 29. Bd5 Nd7 30. e6 Nf6 31. e7 h5 32. Rxf6 Bxf6 33. e8=Q+ {
yakup35 resigns} 1-0

[Event "ICS rated standard match"]
[Site "204.178.125.65"]
[Date "2001.01.11"]
[Round "?"]
[White "Hossa"]
[Black "CardinalLou"]
[Result "1-0"]
[WhiteElo "2365"]
[BlackElo "1965"]
[PlyCount "23"]
[EventDate "2001.??.??"]

1. d4 d5 2. Nc3 e6 3. e4 Bb4 4. a3 Bxc3+ 5. bxc3 Ne7 6. exd5 exd5 7. Nf3 Bg4 8.
Be2 Nd7 9. O-O O-O 10. Re1 Re8 11. Bd3 Bf5 12. Rxe7 {CardinalLou resigns} 1-0

[Event "ICS Rated standard match"]
[Site "204.178.125.65"]
[Date "2001.01.11"]
[Round "?"]
[White "QuarkX"]
[Black "Hossa"]
[Result "0-1"]
[WhiteElo "2308"]
[BlackElo "2368"]
[Annotator "Fritz 6 (16s)"]
[PlyCount "110"]
[EventDate "2001.??.??"]

1. e4 {B54: Sizilianisch (Rauser Anti-Drachen-Variante)} 1... c5 2. Ne2 Nc6 3.
d4 cxd4 4. Nxd4 d6 5. Nc3 e5 6. Nxc6 bxc6 7. f4 Be6 8. f5 Bd7 9. Be3 Nf6 10.
Qf3 Qb8 11. O-O-O Be7 12. g4 O-O (12... h5 $5 {kommt in Betracht} 13. g5 Ng4
$14) 13. g5 Ne8 14. Rg1 Bd8 15. Na4 Qb4 16. Nc5 Bc8 17. Kb1 Rb8 {Aufpassen!}
18. Nd3 Qb7 19. c4 Bd7 20. b3 a5 21. Bh3 c5 22. Bxc5 Bc6 (22... dxc5 $4 {
waere ein schrecklicher Fehler} 23. Nxc5 Qb4 24. Nxd7 $18) 23. Bf2 a4 24. Rg4
axb3 25. a3 Qa6 26. Kb2 Qxc4 {|^c2 darf nicht uebersehen werden.} 27. Rc1 Qa4
28. Qe2 Nc7 29. Qf3 Nb5 30. Ra1 Nd4 31. Qd1 Nc2 32. Nb4 Nxa1 (32... Nxb4 $6 33.
axb4 Qxb4 34. Be1 $19) 33. Qxd6 Rc8 34. g6 hxg6 35. Bc5 Re8 36. fxg6 f5 37.
exf5 e4 (37... Bb7 38. Bf1 Nc2 39. Bc4+ Kh8 $19) 38. Bf1 Bf6+ 39. Bd4 Ba8 40.
Bxf6 Rc2+ $1 {Rumms!} (40... gxf6 $6 41. Qxf6 Qd7 42. Qf7+ Qxf7 43. gxf7+ Kxf7
44. Ba6 $19) 41. Kb1 (41. Nxc2 bxc2) 41... Qxa3 (41... gxf6 {
kommt nicht in Frage} 42. Rh4 Qa7 43. Rh7 Rb2+ 44. Kxb2 Qf2+ 45. Kxa1 Qxf1+ 46.
Kb2 Qf2+ 47. Kxb3 Qxf5 48. Qg3 Qf3+ 49. Qxf3 exf3 50. Nd3 $14) 42. Bc4+ Rxc4
43. Bb2 Qxb4 (43... Rxb4 44. Bxa3 Rd4 45. Qxd4 Rc8 46. Bb2 Kf8 47. Qxg7+ Ke8
48. Qf7+ Kd8 49. Bf6#) 44. Qxb4 Rxb4 45. Kxa1 Rd8 46. Rg1 e3 47. f6 Rd2 48. f7+
Kf8 49. Bxg7+ Kxg7 50. f8=Q+ Kxf8 51. g7+ Kg8 52. Rc1 b2+ 53. Kb1 Be4+ 54. Rc2
Rd1+ 55. Ka2 Ra1# 0-1

[Event "ICS Rated standard match"]
[Site "204.178.125.65"]
[Date "2001.01.11"]
[Round "?"]
[White "Hossa"]
[Black "QuarkX"]
[Result "1-0"]
[WhiteElo "2381"]
[BlackElo "2295"]
[PlyCount "75"]
[EventDate "2001.??.??"]

1. e4 c5 2. c3 Qa5 3. f4 e6 4. Nf3 Nc6 5. d3 d5 6. Be2 Be7 7. O-O Nf6 8. e5 Ng4
9. Ng5 Bxg5 10. Bxg4 Bh6 11. Na3 O-O 12. Qe2 Bd7 13. Bf3 f6 14. exf6 Rxf6 15.
g3 b5 16. Bd2 Qa4 17. Rac1 b4 18. Nc2 Qxa2 19. cxb4 Nd4 20. Nxd4 cxd4 21. Ra1
Qxb2 22. Rfb1 Qc2 23. Rc1 Qb3 24. Be1 Bb5 25. Rd1 Rc8 26. Rxa7 Rcf8 27. Ra5 Bd7
28. Rda1 Rc8 29. Ra8 Rxa8 30. Rxa8+ Kf7 31. Ra7 Ke7 32. Qe5 Qc2 33. Bxd5 Qc1
34. Bc4 Bxf4 35. gxf4 Qxf4 36. Qxf4 Rxf4 37. Bb5 Kf6 38. Rxd7 {QuarkX resigns}
1-0

[Event "ICS rated standard match"]
[Site "204.178.125.65"]
[Date "2001.01.11"]
[Round "?"]
[White "Hossa"]
[Black "diep"]
[Result "0-1"]
[WhiteElo "2398"]
[BlackElo "2468"]
[PlyCount "172"]
[EventDate "2001.??.??"]

1. d4 Nf6 2. c4 e6 3. Nc3 Bb4 4. Qc2 O-O 5. Nf3 c5 6. dxc5 Na6 7. g3 Nxc5 8.
Bd2 b6 9. Bg2 Bb7 10. a3 Bxc3 11. Bxc3 Be4 12. Qd1 d5 13. b4 Nb7 14. cxd5 Rc8
15. Bd4 Nxd5 16. O-O Nd6 17. Rc1 Rxc1 18. Qxc1 f6 19. Bh3 Qe7 20. Nd2 Rc8 21.
Qa1 Bg6 22. Rc1 Qd7 23. Rxc8+ Qxc8 24. Bb2 Kf7 25. Nb3 Qc4 26. Qd1 Nb5 27. Nd2
Ndc3 28. Nxc4 Nxd1 29. Ba1 e5 30. Kf1 Ke7 31. a4 Nd4 32. Ke1 Bc2 33. Bxd4 exd4
34. a5 bxa5 35. Nxa5 Kd6 36. Bg2 Nc3 37. Nc6 Nb5 38. Kd2 Bg6 39. e3 dxe3+ 40.
fxe3 Be8 41. Na5 Nc7 42. Nb7+ Ke5 43. Kc3 Bg6 44. Nc5 Nd5+ 45. Bxd5 Kxd5 46.
Kb3 a5 47. Ka4 axb4 48. Kxb4 h6 49. Kb5 Be8+ 50. Kb6 f5 51. Nb7 Bg6 52. Nc5 Bh5
53. Kb5 Be2+ 54. Kb4 g6 55. Nd7 Ke4 56. Kc5 g5 57. Nf6+ Kxe3 58. Ng8 h5 59. Nf6
f4 60. gxf4 gxf4 61. Nd5+ Ke4 62. Nc3+ Kd3 63. Nd5 f3 64. Nf4+ Ke3 65. Nxh5 f2
66. Ng3 Bd3 67. Kd5 Kf4 68. Kd4 Ba6 69. Kd5 Kf3 70. Kd4 Kg2 71. Nf5 Kxh2 72.
Ne3 Kg3 73. Ke4 Bb7+ 74. Kd4 Kf4 75. Nf1 Ba6 76. Ne3 Kf3 77. Nf5 f1=Q 78. Nd6
Qd3+ 79. Kc5 Kf4 80. Nf7 Qc4+ 81. Kd6 Qxf7 82. Kc5 Qc4+ 83. Kd6 Kf5 84. Ke7
Qc7+ 85. Kf8 Kf6 86. Kg8 Qg7# {Hossa checkmated} 0-1

[Event "ICS rated standard match"]
[Site "204.178.125.65"]
[Date "2001.01.11"]
[Round "?"]
[White "Hossa"]
[Black "patologo"]
[Result "0-1"]
[WhiteElo "2385"]
[BlackElo "1967"]
[PlyCount "102"]
[EventDate "2001.??.??"]

1. e4 e5 2. Bc4 Nf6 3. d4 exd4 4. Nf3 Nxe4 5. Qxd4 Nd6 6. Bd3 Nc6 7. Qf4 Be7 8.
O-O O-O 9. Nc3 a5 10. Nd5 Re8 11. Be3 Nb4 12. Nxb4 axb4 13. Bc5 Bf6 14. Bxd6
cxd6 15. Qxb4 b6 16. Be4 Ra5 17. Rfe1 d5 18. Bd3 Rxe1+ 19. Rxe1 Rxa2 20. Qxb6
Qf8 21. c3 d6 22. Nd4 Bxd4 23. cxd4 Be6 24. Rb1 Ra4 25. f3 Ra8 26. Qc7 Rc8 27.
Qa5 Qe7 28. Qd2 Qh4 29. f4 Qf6 30. Qf2 h6 31. Ra1 Bf5 32. Be2 Rc2 33. b4 Rd2
34. Rd1 Rb2 35. Qf3 Bc2 36. Rd2 Rb1+ 37. Bf1 Be4 38. Qa3 Qxf4 39. Rf2 Qg4 40.
Rd2 Qc8 41. Rf2 Qc4 42. Qa7 f6 43. Qb8+ Kh7 44. Qa7 Bd3 45. Rxf6 Bxf1 46. Qa2
Qxa2 47. Rxf1 Rb2 48. Rf2 Qb1+ 49. Rf1 Qc2 50. Rf2 Qxf2+ 51. Kh1 Qxg2# {
Hossa checkmated} 0-1